| Tag |
First Indicator |
Second Indicator |
Subfields |
| LEADER |
00000cam a2200000 i 4500 |
| 001 |
in00001794340 |
| 005 |
20151025114002.0 |
| 008 |
031028s1974 dcu bs f000 0 eng |
| 010 |
|
|
|a 75600867
|
| 035 |
|
|
|a (OCoLC)ocm01142362
|
| 035 |
|
|
|a (OCoLC)1142362
|
| 040 |
|
|
|a DLC
|c DLC
|d NLGGC
|d BTCTA
|d MTG
|d OCLCG
|d TXA
|d UtOrBLW
|
| 043 |
|
|
|a n-us-ar
|
| 049 |
|
|
|a TXAM
|
| 050 |
0 |
0 |
|a HD1751
|b .A91854 no. 274
|a F419.M17
|
| 082 |
0 |
0 |
|a 338.1/08 s
|a 301.44/42/0976715
|
| 084 |
|
|
|a 15.85
|2 bcl
|
| 086 |
0 |
|
|a A 1.107:274.
|
| 100 |
1 |
|
|a Grinstead, Mary Jo.
|
| 245 |
1 |
0 |
|a Social and labor adjustment of rural Black Americans in the Mississippi Delta :
|b a case study of Madison, Ark. /
|c [by Mary Jo Grinstead, Bernal L. Green, and J. Martin Redfern].
|
| 264 |
|
1 |
|a Washington :
|b U.S. Dept. of Agriculture, Economic Research Service,
|c 1974.
|
| 300 |
|
|
|a iii, 55 pages ;
|c 26 cm.
|
| 336 |
|
|
|a text
|b txt
|2 rdacontent
|
| 337 |
|
|
|a unmediated
|b n
|2 rdamedia
|
| 338 |
|
|
|a volume
|b nc
|2 rdacarrier
|
| 490 |
1 |
|
|a Agricultural economic report ;
|v no. 274
|
| 500 |
|
|
|a Cover title.
|
| 500 |
|
|
|a "[Prepared] in cooperation with Arkansas Agricultural Experiment Station."
|
| 504 |
|
|
|a Bibliography: pages 51-55.
|
| 650 |
|
0 |
|a African Americans
|x Economic conditions.
|
| 650 |
|
0 |
|a African Americans
|x Social conditions
|y 1964-1975.
|
| 651 |
|
0 |
|a Madison (Ark.)
|x Economic conditions.
|
| 700 |
1 |
|
|a Green, Bernal L.,
|d 1934-
|e author.
|
| 700 |
1 |
|
|a Redfern, J. Martin,
|e author.
|
| 710 |
1 |
|
|a United States.
|b Department of Agriculture.
|b Economic Research Service.
|
| 710 |
2 |
|
|a Arkansas Agricultural Experiment Station.
|
| 830 |
|
0 |
|a Agricultural economic report ;
|v no. 274.
|
| 945 |
|
|
|a cataloged
|k rvaughan
|c 2003/10/28
|
| 994 |
|
|
|a C0
|b TXA
|
| 948 |
|
|
|a cataloged
|b h
|c 2010/07/06
|e rzeske
|f 03:33:06 pm
|
| 999 |
|
|
|a MARS
|
| 999 |
f |
f |
|s 5d237b19-13a5-3188-9c7d-479ba913fee0
|i b160db9e-c2fe-3955-9180-71512138f615
|t 0
|
| 952 |
f |
f |
|p normal
|a Texas A&M University
|b College Station
|c Sterling C. Evans Library
|d Evans: US Documents (Annex 5th floor)
|t 0
|e A 1.107:274
|h Superintendent of Documents classification
|i unmediated -- volume
|m A14830993890
|
| 998 |
f |
f |
|a A 1.107:274
|t 0
|l Evans: US Documents (Annex 5th floor)
|